书目信息 |
| 题名: |
小魔术
|
|
| 作者: | 杨畅 编 | |
| 分册: | ||
| 出版信息: | 石家庄 河北人民出版社 1980 |
|
| 页数: | 78页 | |
| 开本: | 19cm | |
| 丛书名: | ||
| 单 册: | ||
| 中图分类: | J828 | |
| 科图分类: | ||
| 主题词: | 魔术 | |
| 电子资源: | ||
| ISBN: | ||
| 000 | 00552nam0 2200229 45 | |
| 001 | 0180000889 | |
| 005 | 20060914145539.95 | |
| 010 | @dCNY0.20 | |
| 091 | @aCN@b8086.1185 | |
| 100 | @a19950705d1980 em y0chiy0121 ea | |
| 101 | 0 | @achi |
| 102 | @aCN@b130000 | |
| 105 | @ay z 000yy | |
| 200 | 10 | @a小魔术@Axiao mo shu@f杨畅编 |
| 210 | @a石家庄@c河北人民出版社@d1980 | |
| 215 | @a78页@d19cm | |
| 606 | @a魔术 | |
| 690 | @aJ828@v3 | |
| 701 | 0 | @a杨畅@Ayang chang@4编 |
| 801 | 2 | @aCN@bNLC@c20060914 |
| 801 | 0 | @aCN@bTSSF |
| 905 | @a10447@dJ828@e81 | |
| 小魔术/杨畅编.-石家庄:河北人民出版社,1980 |
| 78页;19cm |
| ISBN :CNY0.20 |
| ● |
| 相关链接 |
|
|
|
|
正题名:小魔术
索取号:J828/81
 
预约/预借
| 序号 | 登录号 | 条形码 | 馆藏地/架位号 | 状态 | 备注 |
| 1 | 0473405 | 204734056 | 密集书库/ [索取号:J828/81] | 在馆 |